000 00501nam a22001577a 4500
003 macl
005 20180405130722.0
008 180405b xxu||||| |||| 00| 0 eng d
040 _cmacl
082 _a800
100 _aप्रकाश,स्‍वयं
_971678
245 _aमेरे साक्षात्‍कार
260 _aदिल्‍ली
_bकिताबघर प्रकाशन
_c2015
650 _aसाक्षात्‍कार
_931561
942 _2ddc
_cHIN
999 _c57464
_d57464